Una crisis multidimensional: los problemas del sistema político costarricense

Salvato in:
Dettagli Bibliografici
Autore principale: Urcuyo Fournier, Constantino
Natura: testo
Pubblicazione: San José :
Edizione:0
Tags: Aggiungi Tag
Nessun Tag, puoi essere il primo ad aggiungerne!!

MARC

LEADER 00000 a a2200000 04500
001 18240
003
040 |a CRAI/IIS  |c CRAI/IIS 
090 |a 142603  
100 |a Urcuyo Fournier, Constantino  
245 |a Una crisis multidimensional: los problemas del sistema político costarricense  
250 |a 0  
260 |a San José :  
300 |a 12 p.  
999 |c 17043  |d 17043